Datum a čas kvízu
34.5
Celkem bodů
Celkový počet nahraných bodů na tomto kvízu bez doplňovacích otázek.
4.
Pořadí na kvízu
Konečné umístění týmu na tomto kvízu.
Zaznamenané odpovědi
| # | Otázka | Odpověď | Body | Výsledky |
|---|---|---|---|---|
| 1. | Hned tři akce naráz přerušilo... | Kateřina Marie Tichá | 1 | |
| 2. | Francouzský europoslanec Rapha... | socha Svobody | 1 | |
| 3. | Minulý týden byl představen tr... | Jiří Mádl; Tomáš Vorel (ml.) | 1 | |
| 4. | Česká společnost Snuggs se sta... | menstruační kalhotky | 1 | |
| 5. | Jak se jmenuje vítěz ankety Fo... | Tomáš Souček; West Ham (United) | 1 | |
| 6. | Podíváme se na temné stránky d... | A) Diviš Bořek z Miletínka | 0 | |
| 7. | Doba pobělohorská znamenala zá... | Obnovené zřízení zemské | 0 | |
| 8. | První světová válka znamenala... | Zborov | 0 | |
| 9. | V období tzv. Protektorátu se... | František Fajtl | 0 | |
| 10. | Seřaďte tyto komunistické prez... | 1D 2B 3A 4C | 0 |